El capital en la teoría de la distribución (Registro nro. 5146)

Detalles MARC
000 -LEADER
fixed length control field 01011 a2200205 4500
001 - CONTROL NUMBER
control field 53228
005 - DATE AND TIME OF LATEST TRANSACTION
control field 20260407155806.0
008 - FIXED-LENGTH DATA ELEMENTS--GENERAL INFORMATION
fixed length control field 260407a1982 arg spa d
003 - CONTROL NUMBER IDENTIFIER
control field AR-UNSa-BCEJYS
040 ## - CATALOGING SOURCE
Original cataloging agency AR-UNSa-BCEJYS
Language of cataloging spa
Transcribing agency AR-UNSa-BCEJYS
080 ## - UNIVERSAL DECIMAL CLASSIFICATION NUMBER
Universal Decimal Classification number 330.14
Common auxiliary subdivision Capital
020 ## - INTERNATIONAL STANDARD BOOK NUMBER
International Standard Book Number 84-281-0494-8
100 1# - MAIN ENTRY--PERSONAL NAME
Personal name Garegnani, Pierangelo
245 10 - TITLE STATEMENT
Title El capital en la teoría de la distribución
264 #1 - PRODUCTION, PUBLICATION, DISTRIBUTION, MANUFACTURE, AND COPYRIGHT NOTICE
Place of production, publication, distribution, manufacture Barcelona :
Name of producer, publisher, distributor, manufacturer Oikos-tau
Date of production, publication, distribution, manufacture, or copyright notice 1982
300 ## - PHYSICAL DESCRIPTION
Extent 251 p.
Dimensions 21 cm.
505 ## - FORMATTED CONTENTS NOTE
Formatted contents note Parte 1: 1. La teoría del excedente - 2. La teoría Ricardiana de la ganacia - 3. El período medio de producción en la teroría Riardiana - 4. La medición del capital circualante - 5. La medición del capital fijo - Parte II: 1. El capital en las teorías de la productividad marginal - 2. La teoría de Walras I - 3. La teoría de Walras II - 4. La teoría de Wicksell I - 5. La medición en valor del capital desiponible - 6. La teoría de Wicksell II
590 ## - LOCAL NOTE (RLIN)
Local note niveau_biblio:m niveau_hierar:0
942 ## - ADDED ENTRY ELEMENTS (KOHA)
Koha item type
Existencias
Withdrawn status Lost status Damaged status Not for loan Home library Current library Shelving location Date acquired Total checkouts Full call number Barcode Date last seen Price effective from Koha item type
        Biblioteca Prof. Eusebio Cleto del Rey Biblioteca Prof. Eusebio Cleto del Rey   07/04/2026   330.14 G229 L39847 07/04/2026 07/04/2026 Libro